Rozpoznaj markę samochodu mając podany jego model. - Statystyki

Ogólne statystyki
  • Ten quiz został rozwiązany 1 768 razy
  • Średni wynik to 14 z 28
Statystyki odpowiedzi
MODEL MARKA % Poprawnych
A6 audi
99%
Benz Mercedes
93%
Mustang Ford
90%
Golf Volkswagen
88%
M4 BMW
85%
Megane Renault
83%
Aventador Lamborghini
78%
Cooper Mini
74%
Berlingo Citroen
72%
California Ferrari
65%
Sandero Dacia
62%
Almera Nissan
62%
Panamera Porshe
56%
Bentayga Bentley
49%
Caro Polonez
48%
Forester Subaru
45%
Model 3/S/X Tesla
42%
Spider Alfa Romeo
37%
Phantom Rolls-Royce
37%
GranTurismo Maserati
35%
Grande Punto Abarth
20%
Daimler Jaguar
18%
Altul McLaren
13%
101/105 Syrena
11%
M-20 Warszawa
11%
601 Trabant
8%
57/62 Maybach
7%
750/1100 Zastava
3%
Nie znaleziono quizów pasujących do podanych kryteriów
Rozkład punktacji
Procent ludzi z każdym wynikiem
Percentyl według liczby udzielonych odpowiedzi
Twoja historia wyników
Nie rozwiązałeś tego quizu